000 01145cam a2200229 4500
001 sa 68016267
003 DLC
005 20260227112653.0
008 700626s1968 ii 000 0 eng
010 _asa 68016267
025 _aPL480:I-E-10696
040 _aDLC
_cDLC
_dDLC
050 0 0 _aLB1620.5
_b.M43
100 1 _aMehdi, Baqer.
245 1 0 _aGuidance in secondary schools;
_ba report of the careers masters' course held at the Central Institute of Education.
_cEdited by Baqer Mehdi.
260 _aDelhi,
_bDept. of Extension Services, Central Institute of Education, National Institute of Education, National Council of Educational Research and Training,
_c1968.
300 _aiii, 96 p.
_c25 cm.
500 _a"Based mainly on the work done during the three-week course for careers masters organised by the Extension Services Dept., Central Institute of Education, from 19th June to 6th July, 1967 at the instance of the State Bureau of Education."
650 0 _aCounseling in secondary education
_zIndia.
710 2 _aCentral Institute of Education.
710 2 _aCentral Institute of Education.
_bDepartment of Extension Services.
999 _c86981
_d86981